000 01053nam a2200301 i 4500
001 186377
003 ES-MaACL
005 20230906222646.0
008 161102s1980 xxk |||| | grc d
020 _a0-19-814539-X
080 _a875-142"-04"
100 0 _aPíndaro.
_992088
245 1 0 _aPindari Carmina cum fragmentis /
_crecognovit brevique adnotatione critica instruxit C.M. Bowra.
246 3 8 _aCarmina
250 _aEd. altera.
260 _aOxonii :
_bE Typographeo Clarendoniano ;
_aOxford :
_bOxford University Press,
_c1980.
300 _aXII, 291 p. ;
_c19 cm.
490 1 _aScriptorum classicorum bibliotheca Oxoniensis
490 1 _aOxford classical texts
500 _aÍndice.
546 _aTexto griego; introducción y notas en latín.
595 _a2nd, repr.
700 1 _aBowra, C. M.
_931155
830 0 _aScriptorum classicorum bibliotheca Oxoniensis
_9185200
830 0 _aOxford classical texts
_9192539
852 _aES-MaACL
_jL-30746
_z- enc. cart.
_z. - Donat. Miguel A. Velasco
999 _c186377
_d186377